A bibliography of Indian geology and physical geography with an annotated index of minerals of economic value. (Record no. 11612)
[ view plain ]
| 000 -LEADER | |
|---|---|
| fixed length control field | 00633nam a2200181Ia 4500 |
| 003 - CONTROL NUMBER IDENTIFIER | |
| control field | IN-BaIIA |
| 008 - FIXED-LENGTH DATA ELEMENTS--GENERAL INFORMATION | |
| fixed length control field | 211028s9999 xx 000 0 eng d |
| 040 ## - CATALOGING SOURCE | |
| Transcribing agency | IIA Library |
| 080 ## - UNIVERSAL DECIMAL CLASSIFICATION NUMBER | |
| Universal Decimal Classification number | 016:553 |
| Item number | GSI |
| 100 ## - MAIN ENTRY--PERSONAL NAME | |
| Personal name | La Touche,T. H. D. |
| 9 (RLIN) | 20058 |
| 245 #2 - TITLE STATEMENT | |
| Title | A bibliography of Indian geology and physical geography with an annotated index of minerals of economic value. |
| Statement of responsibility, etc. | T. H. D. La Touche |
| 260 ## - PUBLICATION, DISTRIBUTION, ETC. | |
| Place of publication, distribution, etc. | Calcutta |
| Name of publisher, distributor, etc. | Geological Survey of India |
| Date of publication, distribution, etc. | 1918 |
| 300 ## - PHYSICAL DESCRIPTION | |
| Extent | 490p. |
| 650 ## - SUBJECT ADDED ENTRY--TOPICAL TERM | |
| Topical term or geographic name entry element | Geology |
| 650 ## - SUBJECT ADDED ENTRY--TOPICAL TERM | |
| Topical term or geographic name entry element | Minerals-annotated index |
| 9 (RLIN) | 20059 |
| 650 ## - SUBJECT ADDED ENTRY--TOPICAL TERM | |
| Topical term or geographic name entry element | Physical geography |
| 9 (RLIN) | 17226 |
| 942 ## - ADDED ENTRY ELEMENTS (KOHA) | |
| Koha item type | Books |
| Withdrawn status | Lost status | Damaged status | Not for loan | Home library | Current library | Shelving location | Date acquired | Total Checkouts | Full call number | Barcode | Date last seen | Price effective from | Koha item type |
|---|---|---|---|---|---|---|---|---|---|---|---|---|---|
| IIA Library-Bangalore | IIA Library-Kodaikanal | General Stacks | 27/12/1995 | 016:553/ GSI | 12527 | 05/11/2021 | 27/12/1995 | Books |